| 000 | 01409nam1a2200325 i 4500 | ||
|---|---|---|---|
| 001 | RU\NLR\BIBL_A\012039630 | ||
| 005 | 20260407025227.0 | ||
| 035 | _a(NLR Aleph) 012039630 | ||
| 090 |
_a11594218 _c11594218 |
||
| 100 | _a20190619g19159999u y0rusy50 ca | ||
| 101 | 0 | _arus | |
| 102 | _aRU | ||
| 105 | _a z | ||
| 200 | 1 |
_aПамятные записи о церквях и приходах в уездных городах и селах Петроградской Епархии _fПетербургская епархия |
|
| 210 |
_aПетроград _c[б. и.] _d1915 |
||
| 215 | _d24 | ||
| 601 | 0 | 2 |
_aСанкт-Петербургская епархия _xИстория _zнач. 20 в. _92415476 _3RU\NLR\AUTH\6601657788 |
| 606 | 1 |
_aЦеркви и соборы _yЛенинградская область _92214093 _3RU\NLR\AUTH\661329915 |
|
| 607 |
_aПетроградская губерния _xИстория _zнач. 20 в. _92415470 _3RU\NLR\AUTH\6601657785 |
||
| 686 | 2 | _aЭ372.24-655 | |
| 686 | 1 | _aТ3(2Р-8Пет)52,02 | |
| 686 | 2 | _aЭ372.24-605.1 | |
| 711 | 0 | 2 |
_aСанкт-Петербургская епархия _3RU\NLR\AUTH\8810010979 _9519635 |
| 852 |
_aNLR _j80-7/87 |
||
| 942 | _cBOOK | ||